000 00799mam a22003011 4500
001 1931737
003 ARRUPE
005 20161005113417.0
008 700713s1970 enk b 001 0 eng
010 _a 71479726
015 _aB***
020 _a0192181866
_c$11.50
035 _a(OCoLC)84614
035 _a(OCoLC)ocm00084614
035 _a(NNC)1931737
040 _dNNC
_cDLC
050 0 _aHT1521.M286
082 0 0 _a301.44
100 1 _aMason, Philip.
_926477
245 1 0 _aPatterns of dominance.
_cby Mason, Philip.
260 _aLondon,
_bOxford University Press,
_c1970.
300 _axii, 377 p.;
_c23 cm.
650 0 _aRace relations.
_93381
650 0 _aEquality.
_913418
710 2 _aInstitute of Race Relations.
_926478
942 _2lcc
_cMONOGRAPH
999 _c125421
_d125421